000 01492namaa22003131i 4500
005 20260307104724.0
008 260104s1997 ua a|||frm||| 000 0 eng d
040 _aEG-GICUC
_beng
_cEG-GICUC
_dEG-GICUC
_erda
041 0 _aeng
_beng
_bara
049 _aDeposit
097 _aPh.D
099 _aCai01.12.07.Ph.D.1997.Sa.N
100 0 _aSamia Sayed Osman Ibrahim,
_epreparation.
245 1 0 _aNew Approaches for the synthesis of arylhydrazone and heteroarylhydrazo derivatives and their uses for the synthesis of heterocyclic derivatives /
_cBy Samia Sayed Osman Ibrahim ; Supervisors Prof. Dr. Rafat. M. Mohareb, Prof. Dr. Adiba Habashi
246 1 5 _aطرق متبكرة لتحضير مشتقات الاريل هيدرازون والاريل هيدرازون الحلقية غير المتجانسة واستخداماتها لتحضير المشتقات الحلقية غير المتجانسة
264 0 _c1997.
300 _a184 Leaves :
_billustrations
_c30 cm. +
336 _2rda content
_atext
337 _2rdamedia
_aUnmediated
338 _2rdacarrier
_avolume
502 _aThesis (Ph.D)-Cairo University, 1997.
504 _aBibliography: pages 164-184
653 0 _asynthesis of arylhydrazone
700 0 _aRafat. M. Mohareb
_ethesis advisor.
700 0 _aAdiba Habashi
_ethesis advisor.
900 _DDepartment of Chemistry
_FFaculty of Science
_UCairo University
_b1997
_cRafat. M. Mohareb
_cAdiba Habashi
905 _aNehad
_eNourhan
942 _2ddc
_cTH
_e21
_n0
999 _c177348